LDR 00601naa a2200145 i 4500 001 000000302149 003 CaOOAMICUS 005 20180831172735.0 008 180831n xx u000 u und u 013 $a9884 040 $aSeMil$bita 100 1 $aBogliolo, Giovanni,$d<1938-2019>.$0(OLS)http://semarc/name/6177 245 13$aLa Semiopoli di Roland Barthes. 773 0 $tStudi di letteratura francese.$dFirenze : Leo S. Olschki, 1985.$kBiblioteca dell'Archivum romanicum. Serie 1., Storia, letteratura, paleografia$z88-222-3311-5$w()35940 996 $6245$aLa Semiopoli di Roland Barthes$9(OLS)http://semarc/title/378133